Význam farieb vo vizuálnej komunikácii a pri tvorbe imidžu (hotelové služby)

Význam farieb a ich miesto medzi prostriedkami vizuálnej komunikácie v oblasti služieb (ako prvku korporátnej identity). Príklady z hotelovej praxe a výsledky výskumov preukazujúce dôležitosť farby ako prostriedku vizuálnej komunikácie.

Gespeichert in:
Bibliographische Detailangaben
1. Verfasser: Žažová, Katarína
Format: Buchkapitel
Sprache:Slowakisch
Schlagworte:
Tags: Tag hinzufügen
Keine Tags, Fügen Sie das erste Tag hinzu!

MARC

LEADER 00000nla$a2200000$$$4500
001 0147248
005 20221103134520.3
041 0 |a slo 
044 |a SK 
245 1 0 |a Význam farieb vo vizuálnej komunikácii a pri tvorbe imidžu (hotelové služby)  |c Katarína Žažová 
520 |a Význam farieb a ich miesto medzi prostriedkami vizuálnej komunikácie v oblasti služieb (ako prvku korporátnej identity). Príklady z hotelovej praxe a výsledky výskumov preukazujúce dôležitosť farby ako prostriedku vizuálnej komunikácie. 
610 2 0 |a komunikácia 
610 2 0 |a komunikácia marketingová 
610 2 0 |a hotely 
610 2 0 |a hotelierstvo 
610 2 0 |a služby 
610 2 0 |a propagácia 
610 2 0 |a farby 
610 2 0 |a identita podniková 
610 2 0 |a imidž 
100 1 |a Žažová, Katarína